|
|
|
|
| LEADER |
00000cam a2200000 a 4500 |
| 001 |
vtls008390009 |
| 003 |
SK-MaSNL |
| 005 |
20260301021017.0 |
| 008 |
230403s1950 xo g 2 000 0 slo |
| 015 |
|
|
|a SNBA19451955-008951
|
| 035 |
|
|
|a SK01SNKBKSFS20010082226
|
| 035 |
|
|
|a urn:nbn:sk:snk-am3ii6c
|
| 035 |
|
|
|a CC5C3365-7652-49BB-B04D-8E409CCD21DA
|
| 035 |
|
|
|a urn:nbn:sk:snk-am00ek3g
|
| 035 |
|
|
|a SKM000084689
|
| 040 |
|
|
|a SNK
|b slo
|c SNK
|e AACR2
|
| 041 |
0 |
|
|a slo
|
| 044 |
|
|
|a xo
|c SK
|
| 080 |
|
|
|a 613
|2 1981
|
| 100 |
1 |
|
|a Pelikán, Vladimír,
|d 1916-
|4 aut
|9 112489
|
| 245 |
1 |
0 |
|a V akej miere škodí fajčenie
|c V[ladimír] Pelikán
|
| 260 |
|
|
|a Bratislava
|b Slovenský abst. sväz
|c [1950]
|e Bratislava
|f Práca
|
| 300 |
|
|
|a 11, [1] s.
|c 22 cm
|
| 500 |
|
|
|a Prevzaté z časopisov: Boj o zdravie 1942, s. 43-46 ; Boj o zdravie 1945, s. 37-39 ; Zdravý národ 1947, s. 68-69
|
| 504 |
|
|
|a Bibliografické odkazy
|
| 650 |
0 |
7 |
|a fajčenie
|2 SNKPH
|9 2509
|
| 650 |
0 |
7 |
|a osveta
|2 SNKPH
|9 16992
|
| 655 |
|
7 |
|a príručky
|2 SNKPH
|9 74364
|
| 655 |
|
7 |
|a separáty
|2 SNKPH
|9 70334
|
| 700 |
1 |
|
|a Zeman, Ján,
|d 1915-1980
|4 aut
|9 231782
|
| 700 |
1 |
|
|a Antal, Juraj,
|d 1912-1996
|4 aut
|9 101399
|
| 852 |
|
|
|a Slovenská národná knižnica
|
| 954 |
|
|
|a odborná, vedecká literatúra pôvodná (slovenská)
|2 lita
|
| 958 |
|
|
|a RK
|
| 958 |
|
|
|a TL
|
| 958 |
|
|
|a NB
|
| 958 |
|
|
|a OND
|
| 958 |
|
|
|a EUIPO
|
| 999 |
|
|
|c 564357
|d 566287
|
| 952 |
|
|
|a SNK
|b SNK
|y PREZ
|7 0
|p 17A0730862
|o snkSC 4301
|i snk1300/50
|0 0
|1 0
|4 0
|d 2018-11-22
|f 1
|l 0
|r 2025-06-25 00:00:00
|w 2026-02-23
|